000 00670nam a2200253 a 4500
999 _c4874
_d4874
001 4874
003 BD-JhCC
005 20171204193438.0
008 060403s2006 enk j 000 1 eng
020 _a9780007230563 (hbk.)
020 _a0007230567 (hbk.)
020 _a9780007230587
035 _a(BD-JhCC)
040 _aStDuBDS
_dBD-JhCC
041 _aeng
082 0 4 _a823.914
_222
_bMOR 2006
100 1 _aMorpurgo, Michael.
245 1 0 _aAlone on a wide wide sea /
_cMichael Morpurgo.
260 _aLondon :
_bHarperCollins Children's,
_c2006.
300 _a312 p. ;
_c23 cm.
650 _aTalking books for children
650 _aOrphans
942 _2ddc
_cBK